000 00314cam a22001097a 4500
008 180718b1848 xxu||||| |||| 00| 0 eng d
082 _aA42x5452
100 _aMadras.
245 _aRegulations of the Government of Fort St George, in force at the end of 1847
260 _aMadras
_bThe author
_c1848
300 _a895p.
999 _c392659
_d392659